|
|
|
|
| LEADER |
00000nam0a2200000 4500 |
| 001 |
298529 |
| 005 |
20231102001119.0 |
| 020 |
|
|
|a RU
|b 79-81723
|
| 035 |
|
|
|a (RuTPU)RU\TPU\book\323672
|
| 090 |
|
|
|a 298529
|
| 100 |
|
|
|a 20150618d1979 m y0rusy5003 ca
|
| 101 |
0 |
|
|a rus
|
| 102 |
|
|
|a RU
|
| 105 |
|
|
|a a j 001zy
|
| 200 |
1 |
|
|a Патентные исследования при курсовом и дипломном проектировании в высших учебных заведениях
|e учебное пособие для вузов
|f И. И. Кичкин, Э. П. Скорняков
|
| 210 |
|
|
|a Москва
|c Высшая школа
|d 1979
|
| 215 |
|
|
|a 112 с.
|c ил.
|
| 320 |
|
|
|a Библиогр.: с. 110-111.
|
| 606 |
1 |
|
|a Патентное дело
|2 stltpush
|3 (RuTPU)RU\TPU\subj\48369
|9 67240
|
| 610 |
1 |
|
|a курсовое проектирование
|
| 610 |
1 |
|
|a дипломное проектирование
|
| 610 |
1 |
|
|a патентные исследования
|
| 610 |
1 |
|
|a учебные пособия
|
| 675 |
|
|
|a 608.3(075.8)
|z rus
|v 3
|
| 700 |
|
1 |
|a Кичкин
|b И. И.
|g Илья Ильич
|4 070
|
| 701 |
|
1 |
|a Скорняков
|b Э. П.
|g Эдуард Петрович
|4 070
|
| 801 |
|
0 |
|a RU
|b RuMRKP
|c 19950704
|g psbo
|
| 801 |
|
1 |
|a RU
|b 63413507
|c 20150618
|
| 801 |
|
2 |
|a RU
|b 63413507
|c 20211015
|g RCR
|
| 942 |
|
|
|c BK
|